| 000 | 01440nam a22003737a 4500 | ||
|---|---|---|---|
| 003 | CHAP | ||
| 005 | 20220329143826.0 | ||
| 008 | 111014s2011 mx r 00010 spa d | ||
| 010 | _a102391 | ||
| 011 | _a103363 | ||
| 035 | _a114052 | ||
| 040 | _cCHAP | ||
| 090 | _aTesis | ||
| 100 | 1 |
_aVicente Arbona, Ana Karen _9119058 |
|
| 245 | 1 | 0 |
_aControl y evaluación del personal mecánico, estudio de caso _h[En línea] _c/por Ana Karen Vicente Arbona |
| 260 |
_aChapingo, Méx. : _bEl autor, _c2011 |
||
| 500 | _aPara ver el contenido del material haga clic en la liga | ||
| 502 | _aTesis (Ing. Mecánico Agrícola) -- UACH. Ingeniería Mecánica Agrícola | ||
| 590 |
_aALEPH _b10 _c20130110 _lUCH01 _h1542 |
||
| 590 |
_aBATCH-UPD _b10 _c20130110 _lUCH01 _h2018 |
||
| 590 |
_aBATCH-UPD _b10 _c20130410 _lUCH01 _h1015 |
||
| 590 |
_aBATCH-UPD _b10 _c20130914 _lUCH01 _h1852 |
||
| 590 |
_aBATCH-UPD _b10 _c20140324 _lUCH01 _h1528 |
||
| 590 |
_aBATCH-UPD _b10 _c20141002 _lUCH01 _h0851 |
||
| 590 |
_aCONVERSION _b10 _c20130109 _lUCH01 _h1356 |
||
| 650 | 1 | 4 |
_aOrganización. _983533 |
| 650 | 1 | 4 |
_aPersonal _xAdministración de. _987325 |
| 650 | 1 | 4 |
_aTalleres mecánicos. _9111491 |
| 856 |
_3Finding aid _uhttp://10.13.5.2/tesis/114052.pdf _zTeclea aqui |
||
| 901 | _aBK | ||
| 942 | _cFOLL | ||
| 949 |
_aTesis _bBC _cTES _d33724002308819 _eTS1 _gDonaciØn _h52888 _i114052 _st |
||
| 949 |
_aTesis _bBC _cTES _d33724002309587 _eTS2 _fc.2 _gDonaciØn _h52889 _i114052 _st |
||
| 999 |
_c102391 _d102391 |
||